000 00967nam a22001937a 4500
003 JO-AjAnu
005 20250923090729.0
008 250922b jo ||||| |||| 00| 0 ara d
040 _aANU
_cJO-AjAnu
041 _hARA
100 _aالعمري، محمد محمود خالد
_eمعد
_966649
245 _aالذكاء الاصطناعي واثره على اصدار حكم التحكيم وتنفيذه = Artificial Intelligence and its Impact on Rendering and Enforcing Arbitral Awards
_c / اعداد محمد محمود خالد العمري ؛ اشراف محمد علي بني مقداد
260 _c2025
300 _a144 ورقة
500 _aرسالة جامعية (رسالة ماجستير في القانون) كلية الحقوق / جامعة عجلون الوطنية؛ 2025
650 _vالذكاء الاصطناعي-قوانين وتشريعات
700 _aبني مقداد، محمد علي
_eمشرف
_966650
942 _2lcc
_cTHS
_n0
999 _c33977
_d33977